Computer Systems and Networks (Record no. 28486)

MARC details
000 -LEADER
fixed length control field 00336nam a2200145Ia 4500
020 ## - INTERNATIONAL STANDARD BOOK NUMBER
ISBN 978-1-84480-639-3
100 ## - STATEMENT OF RESPONSIBILITY--MAIN AUTHOR NAME
Personal name Blundell Barry G
245 #0 - TITLE STATEMENT
Title Computer Systems and Networks
260 ## - PUBLICATION, DISTRIBUTION, ETC. (IMPRINT)
Name of publisher Thomson
260 ## - PUBLICATION, DISTRIBUTION, ETC. (IMPRINT)
Year of publication 2007
300 ## - PHYSICAL DESCRIPTION
Number of Pages 314 p
942 ## - ADDED ENTRY ELEMENTS (KOHA)
Koha item type Books
Holdings
Withdrawn status Lost status Source of classification or shelving scheme Damaged status Not for loan Permanent Location Current Location Shelving location Date acquired Accession Number Price effective from Koha item type
    Library of Congress Classification     NILE UNIVERSITY OF NIGERIA - MAIN LIBRARY NILE UNIVERSITY OF NIGERIA - MAIN LIBRARY Items on shelf 04/23/2025 0001235 04/23/2025 Books